Problemas públicos y agenda de gobierno (Record no. 155481)
[ view plain ]
| 000 -LEADER | |
|---|---|
| fixed length control field | 00870nam a22002297a 4500 |
| 005 - DATE AND TIME OF LATEST TRANSACTION | |
| control field | 20210416095446.0 |
| 008 - FIXED-LENGTH DATA ELEMENTS--GENERAL INFORMATION | |
| fixed length control field | 210416b mx ||||| |||| 00| 0 spa d |
| 020 ## - INTERNATIONAL STANDARD BOOK NUMBER | |
| International Standard Book Number | 9688429983 |
| 050 04 - LIBRARY OF CONGRESS CALL NUMBER | |
| Classification number | JF1358.S6 |
| Item number | P76 2000 |
| 245 00 - TITLE STATEMENT | |
| Title | Problemas públicos y agenda de gobierno |
| Statement of responsibility, etc | / Charles D. Elder,...[et al.] ; Luis F. Aguilar Villanueva (estudio introductorio y edición) |
| 250 ## - EDITION STATEMENT | |
| Edition statement | 3a ed. |
| 260 ## - PUBLICATION, DISTRIBUTION, ETC. (IMPRINT) | |
| Place of publication, distribution, etc | México : |
| Name of publisher, distributor, etc | Miguel Ángel Porrúa, |
| Date of publication, distribution, etc | 2000. |
| 300 ## - PHYSICAL DESCRIPTION | |
| Extent | 284 p. ; |
| Dimensions | 23 cm. |
| 490 0# - SERIES STATEMENT | |
| Series statement | Antologías de Política Pública ; |
| Volume number/sequential designation | 3. |
| 650 #7 - SUBJECT ADDED ENTRY--TOPICAL TERM | |
| Source of heading or term | lemb |
| Topical term or geographic name as entry element | Administración pública |
| General subdivision | Solución de problemas |
| 650 #7 - SUBJECT ADDED ENTRY--TOPICAL TERM | |
| Source of heading or term | lemb |
| Topical term or geographic name as entry element | Administración pública |
| General subdivision | Toma de decisiones |
| 700 1# - ADDED ENTRY--PERSONAL NAME | |
| Personal name | Elder, Charles D., |
| Relator term | autor |
| 700 1# - ADDED ENTRY--PERSONAL NAME | |
| Personal name | Cobb, Roger W., |
| Relator term | autor |
| 700 1# - ADDED ENTRY--PERSONAL NAME | |
| Personal name | Nelson, Barbara J., |
| Relator term | autor |
| 700 1# - ADDED ENTRY--PERSONAL NAME | |
| Personal name | Aguilar Villanueva, Luis F., |
| Relator term | editor |
| 942 ## - ADDED ENTRY ELEMENTS (KOHA) | |
| Source of classification or shelving scheme | Biblioteca del Cogreso de los Estados Unidos |
| Koha item type | Libro |
| Estado de pérdida | Fuente de clasificación | Estado del daño | No para préstamo | Ubicación permanente | Ubicación actual | Apartado o colección | Fecha de adquisición | Fuente de adquisición | Edición | Área del conocimiento | Total Checkouts | Clasificación | Código de Barras | Date last seen | Número de copia | Costo por reposición | Tipo de recurso |
|---|---|---|---|---|---|---|---|---|---|---|---|---|---|---|---|---|---|
| Biblioteca del Cogreso de los Estados Unidos | Biblioteca del Instituto de Investigaciones Económicas y Empresariales | Biblioteca del Instituto de Investigaciones Económicas y Empresariales | General | 16/04/2021 | Unidad Académica | 3a ed. | Ciencias Sociales y Administrativas | JF1358.S6 P76 r2017 | IIE000006752 | 16/04/2021 | 1 | 126.00 | Libro | ||||
| Biblioteca del Cogreso de los Estados Unidos | Biblioteca del Instituto de Investigaciones Económicas y Empresariales | Biblioteca del Instituto de Investigaciones Económicas y Empresariales | General | 16/04/2021 | Unidad Académica | 3a ed. | Ciencias Sociales y Administrativas | JF1358.S6 P76 r2017 | IIE000006753 | 16/04/2021 | 2 | 126.00 | Libro |